[Event "XXXVI. ODPRTO PRVENSTVO KOMENDE 2022"]
[Site "Komenda"]
[Date "2022.09.03"]
[Round "4.6"]
[White "Perme, Stanko"]
[Black "Mladenovic, Karl Zmaj"]
[Result "1-0"]
[WhiteElo "1624"]
[BlackElo "1000"]
[PlyCount "67"]
[EventDate "2022.09.03"]

1. e4 d6 2. d4 e5 3. dxe5 Qe7 4. Nf3 dxe5 5. Nc3 Bg4 6. h3 Bxf3 7. Qxf3 Nc6 8.
Bc4 Nh6 9. Nd5 Nd4 10. Qd3 Qc5 11. O-O O-O-O 12. Bd2 Qc6 13. Be3 Bc5 14. Bxd4
exd4 15. b4 Bxb4 16. Nxb4 Qc5 17. Nd5 f6 18. Rab1 c6 19. Nf4 Rd7 20. Be6 Qe5
21. Bxd7+ Kxd7 22. Rxb7+ Kc8 23. Qa6 Kd8 24. Qxc6 Qe8 25. Rb8+ Ke7 26. Rxe8+
Rxe8 27. Nd5+ Kf7 28. Qd7+ Kf8 29. Nf4 Re7 30. Qd6 Kf7 31. Qd5+ Ke8 32. Rb1 Rd7
33. Rb8+ Ke7 34. Qe6# 1-0

[Event "XXXVI. ODPRTO PRVENSTVO KOMENDE 2022"]
[Site "Komenda"]
[Date "2022.09.03"]
[Round "4.7"]
[White "Podjed, Anze"]
[Black "Kosel, Lenart"]
[Result "0-1"]
[WhiteElo "1000"]
[BlackElo "1000"]
[PlyCount "76"]
[EventDate "2022.09.03"]

1. d4 d5 2. Nf3 Bf5 3. h3 e6 4. g4 Bg6 5. h4 Nf6 6. h5 Nxg4 7. Bh3 Bf5 8. Rg1
Nxf2 9. Kxf2 Bxh3 10. Kg3 Bf5 11. Bd2 Bd6+ 12. Kf2 O-O 13. c3 Nd7 14. Qb3 Re8
15. Qxb7 c6 16. Qxc6 Qe7 17. c4 dxc4 18. d5 Bc5+ 19. e3 exd5 20. Qxd5 Qe6 21.
Qb7 Be4 22. Qc7 Qf5 23. Rg3 Rad8 24. b4 Bb6 25. Qd6 Ne5 26. Qxe5 Rxe5 27. Kg2
Red5 28. Nc3 Rd3 29. Nxe4 Qxe4 30. Rd1 Rxd2+ 31. Rxd2 Rxd2+ 32. Kh3 Qe6+ 33.
Rg4 Re2 34. Nd4 Qxe3+ 35. Rg3 Qxd4 36. a4 Bc7 37. Rg4 Qd3+ 38. Rg3 Qxg3# 0-1

[Event "XXXVI. ODPRTO PRVENSTVO KOMENDE 2022"]
[Site "Komenda"]
[Date "2022.09.03"]
[Round "5.1"]
[White "Keber, Aljosa"]
[Black "Zlindra, Aljaz"]
[Result "1/2-1/2"]
[WhiteElo "1348"]
[BlackElo "1238"]
[PlyCount "118"]
[EventDate "2022.09.03"]

1. e4 c6 2. d4 d5 3. e5 Bf5 4. Bd3 Bxd3 5. Qxd3 e6 6. Nd2 Qb6 7. Ne2 c5 8. c3
Nc6 9. O-O cxd4 10. cxd4 Nge7 11. f4 h5 12. a3 Nf5 13. Nb3 Be7 14. Be3 O-O 15.
Rac1 Rac8 16. Nc5 Bxc5 17. dxc5 Qd8 18. b4 a6 19. Ng3 Nxg3 20. hxg3 f6 21. Bd4
fxe5 22. Bxe5 Nxe5 23. fxe5 Qg5 24. Rfe1 Rf5 25. c6 Rxe5 26. cxb7 Rxe1+ 27.
Rxe1 Rb8 28. Qxa6 Qe7 29. Rxe6 Qxb7 30. Re8+ Kh7 31. Qxb7 Rxb7 32. Re3 Kg6 33.
Rf3 d4 34. Kf2 Kh6 35. Ke2 g5 36. Kd3 g4 37. Rf5 Kg6 38. Ra5 Rc7 39. Rc5 Ra7
40. Kxd4 Rxa3 41. Rc3 Ra2 42. b5 Rxg2 43. Rb3 Rd2+ 44. Kc5 Kg5 45. b6 h4 46. b7
Rd8 47. b8=Q Rxb8 48. Rxb8 hxg3 49. Kd4 g2 50. Rb1 Kf4 51. Kd5 g3 52. Ke6 Kf3
53. Kf5 Kf2 54. Kf4 g1=Q 55. Rb2+ Kf1 56. Rb1+ Kf2 57. Rb2+ Kf1 58. Rb1+ Kf2
59. Rb2+ Kf1 1/2-1/2

[Event "XXXVI. ODPRTO PRVENSTVO KOMENDE 2022"]
[Site "Komenda"]
[Date "2022.09.03"]
[Round "5.2"]
[White "Filippovskiy, Nikita"]
[Black "Demsar, Maks"]
[Result "1-0"]
[WhiteElo "1544"]
[BlackElo "1177"]
[PlyCount "59"]
[EventDate "2022.09.03"]

1. e4 e5 2. Nf3 Nc6 3. Bc4 Bc5 4. c3 Nf6 5. d3 h6 6. Nbd2 d6 7. O-O O-O 8. Re1
Be6 9. Bb5 a6 10. Ba4 b5 11. Bb3 Kh8 12. Nf1 Ng4 13. d4 exd4 14. cxd4 Bxb3 15.
axb3 Bb4 16. Bd2 a5 17. h3 Nf6 18. d5 Bxd2 19. Qxd2 Nb4 20. Nd4 Qd7 21. Ng3
Rfe8 22. f3 Reb8 23. Rec1 Rb6 24. Ngf5 c5 25. dxc6 Nxc6 26. Nxc6 Rxc6 27. Rxc6
Qxc6 28. Qxd6 Qc2 29. Rxa5 Rxa5 30. Qf8+ 1-0

[Event "XXXVI. ODPRTO PRVENSTVO KOMENDE 2022"]
[Site "Komenda"]
[Date "2022.09.03"]
[Round "5.3"]
[White "Smirnov, Maksim"]
[Black "Veselic, Maks"]
[Result "1/2-1/2"]
[WhiteElo "1478"]
[BlackElo "1606"]
[PlyCount "36"]
[EventDate "2022.09.03"]

1. d4 Nf6 2. Bf4 e6 3. e3 d5 4. Nf3 Bd6 5. Bg3 O-O 6. c3 c5 7. Bd3 Qe7 8. Nbd2
Nbd7 9. Bxd6 Qxd6 10. O-O b6 11. Re1 Bb7 12. Rc1 Rac8 13. h3 h6 14. Bb1 Ba8 15.
Bd3 Bb7 16. Bb1 Ba8 17. Bd3 Bb7 18. Bb1 Ba8 1/2-1/2

[Event "XXXVI. ODPRTO PRVENSTVO KOMENDE 2022"]
[Site "Komenda"]
[Date "2022.09.03"]
[Round "5.4"]
[White "Sever, Gasper"]
[Black "Zagar, Katarina"]
[Result "1-0"]
[WhiteElo "1212"]
[BlackElo "1167"]
[PlyCount "57"]
[EventDate "2022.09.03"]

1. e4 e5 2. Nf3 Nc6 3. Bb5 Nge7 4. c3 g6 5. d4 exd4 6. Nxd4 Bg7 7. O-O O-O 8.
Re1 a6 9. Bxc6 Nxc6 10. Bf4 Nxd4 11. cxd4 d6 12. Nc3 Re8 13. Qd3 Qf6 14. Nd5
Qd8 15. Rac1 c6 16. Nc3 f5 17. f3 fxe4 18. Nxe4 Bf5 19. Qb3+ Be6 20. Qxb7 Bxa2
21. Bxd6 Qc8 22. Qxc6 Qxc6 23. Rxc6 Bxd4+ 24. Kh1 Rec8 25. Rxc8+ Rxc8 26. b4
Kf7 27. Rd1 Bb3 28. Bf4 Ke6 29. Rxd4 1-0

[Event "XXXVI. ODPRTO PRVENSTVO KOMENDE 2022"]
[Site "Komenda"]
[Date "2022.09.03"]
[Round "5.5"]
[White "Perme, Lojze"]
[Black "Perme, Stanko"]
[Result "0-1"]
[WhiteElo "1094"]
[BlackElo "1624"]
[PlyCount "98"]
[EventDate "2022.09.03"]

1. e4 e5 2. Nf3 Nc6 3. Bb5 Nf6 4. O-O Bc5 5. Nc3 O-O 6. d3 h6 7. Be3 Bb6 8. d4
d6 9. h3 Qe7 10. d5 Na5 11. b4 Nc6 12. dxc6 bxc6 13. Ba4 Qe8 14. Qe2 Be6 15.
Rfd1 Rd8 16. Qa6 Rb8 17. Qf1 Qd7 18. Bb3 d5 19. Nxe5 Qd6 20. Bf4 Nh5 21. g3
Nxf4 22. gxf4 f6 23. Ng6 Rf7 24. e5 Qxb4 25. Rd3 Bf5 26. Rg3 Bxg6 27. Rxg6 Qxc3
28. Qe1 Qxh3 29. Rg3 Qh5 30. c4 fxe5 31. Qxe5 Qxe5 32. fxe5 Bxf2+ 33. Kg2 Bxg3
34. Kxg3 Rd8 35. Re1 Kh8 36. Bc2 d4 37. Bg6 Re7 38. Bh5 d3 39. Rd1 Rxe5 40. Bf3
c5 41. a4 d2 42. Kf4 Re1 43. a5 Rxd1 44. Bxd1 Rd4+ 45. Ke3 Rxc4 46. Kxd2 Rd4+
47. Ke2 Rxd1 48. Kxd1 h5 49. Ke1 h4 0-1

[Event "XXXVI. ODPRTO PRVENSTVO KOMENDE 2022"]
[Site "Komenda"]
[Date "2022.09.03"]
[Round "5.6"]
[White "Snedec, Aljaz"]
[Black "Mladenovic, Karl Zmaj"]
[Result "1-0"]
[WhiteElo "1000"]
[BlackElo "1000"]
[PlyCount "46"]
[EventDate "2022.09.03"]

1. d4 e6 2. Nf3 Nc6 3. Bf4 d5 4. e3 Bd6 5. Bg3 Bxg3 6. hxg3 Nf6 7. c4 O-O 8.
Qc2 g6 9. g4 Nxg4 10. cxd5 exd5 11. Bb5 Bd7 12. Nc3 Be6 13. Bxc6 bxc6 14. Ne2
Qd7 15. Nf4 Bf5 16. Qc3 Nf6 17. Nh3 Bg4 18. Ne5 Qc8 19. Qxc6 Bxh3 20. Rxh3 Rb8
21. b3 Qb7 22. Rc1 Qxc6 23. Rxc6 Rbc8 {nejasno (34)} 1-0

[Event "XXXVI. ODPRTO PRVENSTVO KOMENDE 2022"]
[Site "Komenda"]
[Date "2022.09.03"]
[Round "5.7"]
[White "Kuznetsova, Elyzaveta"]
[Black "Kosel, Lenart"]
[Result "1-0"]
[WhiteElo "1210"]
[BlackElo "1000"]
[PlyCount "85"]
[EventDate "2022.09.03"]

1. e4 e5 2. Nf3 Nc6 3. Nc3 Nf6 4. Bc4 Bc5 5. d3 h6 6. Be3 Bb6 7. Qd2 d6 8. h3
Be6 9. Bb3 O-O 10. O-O Qd7 11. Rfe1 Kh7 12. Bxb6 axb6 13. Bxe6 Qxe6 14. d4 d5
15. exd5 Nxd5 16. Nxd5 Qxd5 17. dxe5 Rad8 18. Rad1 Rfe8 19. Qxd5 Rxd5 20. Rxd5
Nb4 21. Rd2 Nc6 22. Rde2 Rd8 23. e6 fxe6 24. Rxe6 Nd4 25. Nxd4 Rxd4 26. R6e2 c5
27. c3 Rd6 28. b4 cxb4 29. cxb4 b5 30. Re5 Rb6 31. Rd1 Ra6 32. Rxb5 Rxa2 33.
Rxb7 Rb2 34. b5 Re2 35. b6 Re6 36. Rb1 h5 37. Rc7 Re8 38. b7 Rb8 39. Rc8 Rxc8
40. bxc8=Q Kg6 41. Rb6+ Kg5 42. Qc5+ Kh4 43. Rb4# 1-0

[Event "XXXVI. ODPRTO PRVENSTVO KOMENDE 2022"]
[Site "Komenda"]
[Date "2022.09.04"]
[Round "6.1"]
[White "Sever, Gasper"]
[Black "Keber, Aljosa"]
[Result "0-1"]
[WhiteElo "1212"]
[BlackElo "1348"]
[PlyCount "33"]
[EventDate "2022.09.04"]

1. e4 c5 2. Nf3 d6 3. d4 cxd4 4. Nxd4 Nf6 5. Nc3 a6 6. a4 e5 7. Nb3 Be6 8. Bg5
Nbd7 9. Nd5 Bxd5 10. exd5 Nb6 11. c4 Rc8 12. Na5 Nbxd5 13. Nxb7 Qb6 14. Nxd6+
Bxd6 15. cxd5 Bb4+ 16. Bd2 Ne4 17. Bxb4 0-1

[Event "XXXVI. ODPRTO PRVENSTVO KOMENDE 2022"]
[Site "Komenda"]
[Date "2022.09.04"]
[Round "6.2"]
[White "Veselic, Maks"]
[Black "Filippovskiy, Nikita"]
[Result "1/2-1/2"]
[WhiteElo "1606"]
[BlackElo "1544"]
[Annotator "Franc,Poglajen"]
[PlyCount "85"]
[EventDate "2022.09.04"]

1. e4 c5 2. Nf3 Nc6 3. c3 Nf6 4. e5 Nd5 5. d4 cxd4 6. cxd4 d6 7. Bc4 Nb6 8. Bb5
dxe5 9. Nxe5 Bd7 10. Bxc6 Bxc6 11. Nxc6 bxc6 12. O-O e6 13. Nc3 Be7 14. Be3 O-O
15. Qf3 Nd5 16. Rac1 Rb8 17. Nxd5 cxd5 18. Rc2 Qa5 19. a3 Bf6 20. Rfc1 Qa4 21.
Qd1 Rbc8 22. Qd3 Rxc2 23. Qxc2 Qxc2 24. Rxc2 h5 25. Kf1 Rb8 26. Ke2 Kf8 27. Kd2
Rb7 28. b4 Ke7 29. Kd3 Kd7 30. Rc5 Be7 {(=)} 31. Rc3 g5 32. g3 f5 33. Kd2 Rc7
34. Kd3 a6 35. Rxc7+ Kxc7 36. Kc3 Kb6 37. Kb3 Bf6 38. a4 f4 39. gxf4 gxf4 40.
Bxf4 Bxd4 41. Be3 Bxe3 42. fxe3 e5 43. Kc3 1/2-1/2

[Event "XXXVI. ODPRTO PRVENSTVO KOMENDE 2022"]
[Site "Komenda"]
[Date "2022.09.04"]
[Round "6.3"]
[White "Demsar, Maks"]
[Black "Zlindra, Aljaz"]
[Result "1-0"]
[WhiteElo "1177"]
[BlackElo "1238"]
[PlyCount "63"]
[EventDate "2022.09.04"]

1. e4 c6 2. Nf3 d5 3. Nc3 dxe4 4. Nxe4 Nf6 5. Qe2 Nxe4 6. Qxe4 Nd7 7. Bc4 Nf6
8. Ne5 e6 9. Qe2 Bd6 10. d4 O-O 11. Bg5 Qa5+ 12. c3 Nd5 13. Bd2 c5 14. Bb3 Qc7
15. O-O b6 16. Rac1 Bb7 17. Bc2 Ne7 18. Qh5 Ng6 19. Rfe1 Rad8 20. Bg5 Rde8 21.
Re3 cxd4 22. Rh3 h6 23. Nxg6 fxg6 24. Qxg6 Rxf2 25. Qh7+ Kf8 26. Kxf2 hxg5 27.
Qh8+ Kf7 28. Bg6+ Kxg6 29. Qxe8+ Kf6 30. Re1 e5 31. Qh8 Qc5 32. Ke2 1-0

[Event "XXXVI. ODPRTO PRVENSTVO KOMENDE 2022"]
[Site "Komenda"]
[Date "2022.09.04"]
[Round "6.4"]
[White "Perme, Stanko"]
[Black "Smirnov, Maksim"]
[Result "0-1"]
[WhiteElo "1624"]
[BlackElo "1478"]
[PlyCount "68"]
[EventDate "2022.09.04"]

1. e4 c6 2. Nf3 d5 3. exd5 cxd5 4. h3 Nf6 5. d4 Nc6 6. Bd3 e6 7. Bg5 Bd6 8. Qe2
Qb6 9. b3 Nxd4 10. Qe3 Nxf3+ 11. Qxf3 Ne4 12. Bxe4 dxe4 13. Qxe4 Bd7 14. Bd2
O-O 15. Nc3 Rac8 16. Ne2 Bc6 17. Qg4 Be5 18. Rd1 Bd5 19. Bh6 Kh8 20. Be3 Qa5+
21. Rd2 Rxc2 22. Qa4 Bc3 23. Nxc3 Qxc3 24. Qa3 Rg8 25. Ke2 Bc4+ 26. Kd1 Rxd2+
27. Bxd2 Qd3 28. Qe7 Qe2+ 29. Kc1 Bd3 30. Qxf7 Rc8+ 31. Kb2 Qxd2+ 32. Ka3 Qa5+
33. Kb2 Rc2+ 34. Ka1 Qxa2# 0-1

[Event "XXXVI. ODPRTO PRVENSTVO KOMENDE 2022"]
[Site "Komenda"]
[Date "2022.09.04"]
[Round "6.5"]
[White "Podjed, Anze"]
[Black "Snedec, Aljaz"]
[Result "0-1"]
[WhiteElo "1000"]
[BlackElo "1000"]
[PlyCount "52"]
[EventDate "2022.09.04"]

1. d4 d5 2. Nf3 Nf6 3. Nc3 Bf5 4. h3 e6 5. g4 Bg6 6. Rg1 Bb4 7. a3 Ba5 8. b4
Bb6 9. a4 a5 10. Rb1 axb4 11. Rxb4 Ba5 12. Rxb7 Bxc3+ 13. Bd2 Bxd2+ 14. Kxd2
Rxa4 15. c3 Ra2+ 16. Ke1 Qc8 17. Rb4 O-O 18. Qb1 Bxb1 19. e3 Ra1 20. Kd2 Ne4+
21. Kc1 Nc6 22. Rb3 Ba2+ 23. Kb2 Bxb3 24. Kxa1 Qa8+ 25. Kb2 Qa2+ 26. Kc1 Qc2#
0-1

[Event "XXXVI. ODPRTO PRVENSTVO KOMENDE 2022"]
[Site "Komenda"]
[Date "2022.09.04"]
[Round "6.7"]
[White "Kosel, Lenart"]
[Black "Perme, Lojze"]
[Result "1-0"]
[WhiteElo "1000"]
[BlackElo "1094"]
[PlyCount "35"]
[EventDate "2022.09.04"]

1. e4 e5 2. Nf3 Nc6 3. Bc4 Bc5 4. d3 h6 5. O-O Nf6 6. Be3 Bb6 7. Nc3 d6 8. h3
Be6 9. Bb3 O-O 10. d4 Qd7 11. Kh2 a5 12. Ba4 Bc4 13. Re1 Qe6 14. Qd2 Ba7 15. d5
Qd7 16. dxc6 bxc6 17. b3 Bxe3 18. Qxe3 {nejasno (32)} 1-0

[Event "XXXVI. ODPRTO PRVENSTVO KOMENDE 2022"]
[Site "Komenda"]
[Date "2022.09.04"]
[Round "7.1"]
[White "Snedec, Aljaz"]
[Black "Keber, Aljosa"]
[Result "1/2-1/2"]
[WhiteElo "1000"]
[BlackElo "1348"]
[PlyCount "20"]
[EventDate "2022.09.04"]

1. d4 Nf6 2. Bf4 g6 3. e3 Bg7 4. Nf3 d6 5. c3 Nh5 6. Bg3 Nxg3 7. hxg3 O-O 8.
Bc4 c5 9. dxc5 dxc5 10. Qxd8 Rxd8 1/2-1/2

[Event "XXXVI. ODPRTO PRVENSTVO KOMENDE 2022"]
[Site "Komenda"]
[Date "2022.09.04"]
[Round "7.2"]
[White "Filippovskiy, Nikita"]
[Black "Sever, Gasper"]
[Result "0-1"]
[WhiteElo "1544"]
[BlackElo "1212"]
[PlyCount "95"]
[EventDate "2022.09.04"]

1. e4 e6 2. d4 d5 3. e5 c5 4. c3 Nc6 5. Nf3 Qb6 6. a3 Bd7 7. b4 c4 8. a4 a6 9.
Be2 Nge7 10. h4 h5 11. Ba3 Nf5 12. Ng5 Be7 13. Nd2 g6 14. Ndf3 f6 15. exf6 Bxf6
16. g3 a5 17. b5 Nd8 18. Bf1 Nf7 19. Nxf7 Kxf7 20. Bh3 Rhe8 21. Bc5 Qc7 22. O-O
b6 23. Ba3 Nd6 24. Bxd6 Qxd6 25. Re1 Kg7 26. Qd2 Qe7 27. Ne5 Bxe5 28. Rxe5 Rf8
29. Rae1 Rf6 30. Qe2 Re8 31. f4 Qf7 32. Kg2 Kh6 33. Qe3 Kh7 34. Kf3 Kg7 35. Re2
Kh7 36. g4 Rf8 37. f5 exf5 38. Re7 fxg4+ 39. Kg2 gxh3+ 40. Kh2 Qxe7 41. Qxe7+
R8f7 42. Qe3 Rf3 43. Qd2 Bg4 44. Qe1 Rf1 45. Qd2 Bxe2 46. Kxh3 Bg4+ 47. Kg3
R1f3+ 48. Kg2 0-1

[Event "XXXVI. ODPRTO PRVENSTVO KOMENDE 2022"]
[Site "Komenda"]
[Date "2022.09.04"]
[Round "7.3"]
[White "Demsar, Maks"]
[Black "Veselic, Maks"]
[Result "1-0"]
[WhiteElo "1177"]
[BlackElo "1606"]
[PlyCount "51"]
[EventDate "2022.09.04"]

1. e4 e5 2. Nc3 Nf6 3. f4 d5 4. fxe5 Nxe4 5. Qf3 Nxc3 6. bxc3 Be6 7. d4 c5 8.
Bb5+ Nc6 9. Ne2 a6 10. Bxc6+ bxc6 11. O-O Be7 12. Qg3 g5 13. Be3 h5 14. h4 gxh4
15. Qg7 Kd7 16. Nf4 Rg8 17. Nxe6 Rxg7 18. Nxd8 Rxd8 19. Kh2 Rdg8 20. Rf2 Rg3
21. Bd2 Ke6 22. Rb1 cxd4 23. cxd4 Ra3 24. Bb4 Bxb4 25. Rxb4 Rg7 26. Rb7 1-0

[Event "XXXVI. ODPRTO PRVENSTVO KOMENDE 2022"]
[Site "Komenda"]
[Date "2022.09.04"]
[Round "7.4"]
[White "Smirnov, Maksim"]
[Black "Kosel, Lenart"]
[Result "1-0"]
[WhiteElo "1478"]
[BlackElo "1000"]
[PlyCount "99"]
[EventDate "2022.09.04"]

1. d4 d5 2. Bf4 Bf5 3. e3 a6 4. Nf3 e6 5. c3 Bd6 6. Bg3 Nf6 7. Nbd2 O-O 8. Be2
Nc6 9. Nh4 Bg6 10. Nxg6 hxg6 11. Bd3 Re8 12. Nf3 e5 13. dxe5 Nxe5 14. Nxe5 Bxe5
15. Qe2 Bxg3 16. hxg3 Qd7 17. Rh4 g5 18. Rh2 c5 19. O-O-O d4 20. Rdh1 Nh7 21.
Rxh7 g6 22. Rh8+ Kg7 23. R1h7+ Kf6 24. Qf3+ Ke5 25. exd4+ cxd4 26. Qe4+ Kd6 27.
Qxd4+ Kc7 28. Qxd7+ Kxd7 29. Rxf7+ Kd8 30. Rxe8+ Kxe8 31. Rh7 Rd8 32. Rh8+ Ke7
33. Rxd8 Kxd8 34. Bxg6 b6 35. f4 gxf4 36. gxf4 a5 37. g4 Kc8 38. f5 b5 39. f6
b4 40. cxb4 axb4 41. f7 Kc7 42. f8=Q Kc6 43. Qxb4 Kd5 44. Qe4+ Kd6 45. Kc2 Kd7
46. Qe5 Kc6 47. Kd3 Kd7 48. Be4 Kc8 49. Qe7 Kb8 50. Qb7# 1-0

[Event "XXXVI. ODPRTO PRVENSTVO KOMENDE 2022"]
[Site "Komenda"]
[Date "2022.09.04"]
[Round "7.6"]
[White "Perme, Stanko"]
[Black "Podjed, Anze"]
[Result "1-0"]
[WhiteElo "1624"]
[BlackElo "1000"]
[PlyCount "77"]
[EventDate "2022.09.04"]

1. e4 e5 2. Nf3 d6 3. h3 Nc6 4. Bc4 a6 5. d3 b5 6. Bb3 a5 7. a4 Rb8 8. axb5
Rxb5 9. Ba4 Rb6 10. Nc3 Nf6 11. Bg5 h6 12. Bh4 g5 13. Bg3 Rxb2 14. Bxc6+ Bd7
15. Bxd7+ Qxd7 16. O-O d5 17. Bxe5 Bb4 18. Bxf6 O-O 19. Qd2 Qd6 20. Bd4 c5 21.
Be5 Qc6 22. Nxg5 Re8 23. Nf3 Kf8 24. exd5 Qd7 25. Qxh6+ Ke7 26. Qf6+ Kf8 27.
Ng5 Rxe5 28. Qxe5 Rxc2 29. Nce4 Re2 30. Nf6 Kg7 31. Nxd7+ Rxe5 32. Nxe5 f6 33.
Ne6+ Kh6 34. f4 fxe5 35. fxe5 Bc3 36. Ra4 Kg6 37. Rg4+ Kh5 38. Rf7 Bxe5 39.
Rh7# 1-0

[Event "XXXVI. ODPRTO PRVENSTVO KOMENDE 2022"]
[Site "Komenda"]
[Date "2022.09.04"]
[Round "7.7"]
[White "Mladenovic, Karl Zmaj"]
[Black "Kuznetsova, Elyzaveta"]
[Result "0-1"]
[WhiteElo "1000"]
[BlackElo "1210"]
[PlyCount "42"]
[EventDate "2022.09.04"]

1. d4 d5 2. Nf3 Nc6 3. e3 Nf6 4. Bb5 Bd7 5. Bxc6 Bxc6 6. O-O e6 7. a3 Bd6 8.
Nc3 h6 9. Re1 O-O 10. Qe2 Re8 11. e4 dxe4 12. Nxe4 Nxe4 13. Nd2 Nxd2 14. Qxd2
Qh4 15. g3 Qh3 16. d5 Bxd5 17. Qxd5 exd5 18. Rxe8+ Rxe8 19. Bf4 Bxf4 20. gxf4
Re6 21. b3 Rg6+ 0-1